| 000 | 00693cab a22001815a 4500 | ||
|---|---|---|---|
| 001 | L153089 | ||
| 008 | 110607s2011 xxka f 000 0 eng d | ||
| 035 | _a(Sirsi) u153089 | ||
| 041 | 0 | _aeng | |
| 100 | 1 | _aLal, Hamish | |
| 245 | 0 | 0 |
_aDelay claims _bCity Inn v Shepherd Construction - a turning point |
| 260 | _c2011 | ||
| 490 |
_aCivil Engineering Surveyor _vJune 2011, 36(1) |
||
| 520 | _aCites two recent caes which help one to understand the extent to which the City Inn position on concurrent delay and more general delay analysis has been applied. | ||
| 651 | 4 |
_aUnited Kingdom _y |
|
| 690 | _aBUILT ENVIRONMENT-CONSTRUCTION MANAGEMENT-BUILDING CONTRACT ADMINISTRATION | ||
| 942 | _n0 | ||
| 999 |
_c83182 _d83182 |
||